<?xml version="1.0" encoding="UTF-8"?>
<record
    xmlns:xsi="http://www.w3.org/2001/XMLSchema-instance"
    xsi:schemaLocation="http://www.loc.gov/MARC21/slim http://www.loc.gov/standards/marcxml/schema/MARC21slim.xsd"
    xmlns="http://www.loc.gov/MARC21/slim">

  <leader>03642nam a2200277   4500</leader>
  <controlfield tag="003">DO-SdBJH</controlfield>
  <controlfield tag="005">20260701213932.0</controlfield>
  <controlfield tag="008">260630b2025    |||||||| |||| 00| 0 spa d</controlfield>
  <datafield tag="040" ind1=" " ind2=" ">
    <subfield code="a">DO-SdBJH</subfield>
    <subfield code="b">spa</subfield>
    <subfield code="c">DO-SdBJH</subfield>
  </datafield>
  <datafield tag="041" ind1="0" ind2=" ">
    <subfield code="a">spa</subfield>
  </datafield>
  <datafield tag="090" ind1=" " ind2=" ">
    <subfield code="a">CT CM-0003</subfield>
    <subfield code="b">AMBC 2025</subfield>
  </datafield>
  <datafield tag="100" ind1="1" ind2=" ">
    <subfield code="a">Corpor&#xE1;n Nolasco, Jos&#xED;as Alberto</subfield>
    <subfield code="e">sustentante</subfield>
  </datafield>
  <datafield tag="245" ind1="1" ind2="0">
    <subfield code="a">Propuesta de actualizaci&#xF3;n de normativas que sustentan al derecho castrense en Rep&#xFA;blica Dominicana, en aplicaci&#xF3;n al Ej&#xE9;rcito de la Rep&#xFA;blica Dominicana ERD / </subfield>
    <subfield code="c">Jos&#xED;as Alberto Corpor&#xE1;n Nolasco, Adicknson Colas ; asesor de contenido Joaquincito Bocio Familia ; asesor metodol&#xF3;gico David Aguiar.</subfield>
  </datafield>
  <datafield tag="260" ind1=" " ind2=" ">
    <subfield code="a">Santo Domingo, Rep&#xFA;blica Dominicana :</subfield>
    <subfield code="b">UNADE,</subfield>
    <subfield code="c">2025.</subfield>
  </datafield>
  <datafield tag="300" ind1=" " ind2=" ">
    <subfield code="a">xii, 52, [03] p&#xE1;ginas.</subfield>
  </datafield>
  <datafield tag="502" ind1=" " ind2=" ">
    <subfield code="a">Tesis y trabajos de grado (Licenciado en Ciencias Militares)--Universidad Nacional para la Defensa "General Juan Pablo y D&#xED;ez", Academia Militar "Batalla de las Carreras", Santo Domingo, 2025.</subfield>
  </datafield>
  <datafield tag="504" ind1=" " ind2=" ">
    <subfield code="a">Incluye referencias bibliogr&#xE1;ficas y anexos.</subfield>
  </datafield>
  <datafield tag="505" ind1=" " ind2=" ">
    <subfield code="a">Normativas vigentes del derecho castrense del Ej&#xE9;rcito de la Rep&#xFA;blica Dominicana -- Comparaci&#xF3;n de las normas legales que sustentan el derecho castrense en las Fuerzas Armadas de Colombia, M&#xE9;xico, Guatemala y Ecuador -- Propuesta de modificaci&#xF3;n a las normas de derecho militar de acuerdo con las necesidades actuales.</subfield>
  </datafield>
  <datafield tag="520" ind1=" " ind2=" ">
    <subfield code="a">Esta investigaci&#xF3;n, titulada Propuesta de actualizaci&#xF3;n de Normativas que sustentan al Derecho Castrense en Rep&#xFA;blica Dominicana, en aplicaci&#xF3;n al Ejercito de la Rep&#xFA;blica Dominicana (ERD), aborda la urgente necesidad de modernizar el marco jur&#xED;dico que rige a las Fuerzas Armadas dominicana. Su objetivo general fue desarrollar propuestas concretas para adecuar dichos derecho castrense a los requerimientos operativos y estrat&#xE9;gicos actuales y futuros del Ejercito, potenciando su capacidad de respuesta ante los desaf&#xED;os contempor&#xE1;neos. Metodol&#xF3;gicamente, se adopto un dise&#xF1;o no experimental y descriptivo, utilizando un razonamiento inductivo para analizar datos y observaciones sobre normativas castrenses nacionales e internacionales. La investigaci&#xF3;n fue de tipo cualitativa, centrada en el an&#xE1;lisis de textos jur&#xED;dicos, entrevistas a expertos en derecho militar y comparaciones de sistemas normativos. Entre los resultados m&#xE1;s relevantes se encontr&#xF3; que el marco legal vigente esta fragmentado y obsoleto, con un C&#xF3;digo de Justicia Militar de 1953 que carece de garant&#xED;as procesales modernas y no tipifica delitos como la ciberdelincuencia, dejando al ERD expuesto. La superposici&#xF3;n de funciones entre la Procuradur&#xED;a General y el Ministerio P&#xFA;blico Militar, junto con la estancada Reforma Legislativa, comprometen la eficiencia y la protecci&#xF3;n de derechos. Se concluye que una Reforma es imperativa para garantizar la independencia judicial, incorporar figuras delictivas emergentes y adoptar protocolos para operaciones hibridas, ciberdefensa y una mejor coordinaci&#xF3;n interinstitucional, asegurando que el ERD pueda defender eficazmente la integridad territorial frente a amenazas como la migraci&#xF3;n ilegal y masiva y el crimen transnacional.</subfield>
  </datafield>
  <datafield tag="650" ind1=" " ind2="7">
    <subfield code="2">lemb</subfield>
    <subfield code="a">Derecho militar </subfield>
    <subfield code="v">Tesis y disertaciones acad&#xE9;micas</subfield>
    <subfield code="x">Legislaci&#xF3;n</subfield>
    <subfield code="x">Derecho comparado </subfield>
    <subfield code="y">Siglo XXI</subfield>
    <subfield code="z">Rep&#xFA;blica Dominicana</subfield>
  </datafield>
  <datafield tag="650" ind1=" " ind2="7">
    <subfield code="2">lemb</subfield>
    <subfield code="a">Derecho militar</subfield>
    <subfield code="v">Tesis y disertaciones acad&#xE9;micas</subfield>
    <subfield code="x">Legislaci&#xF3;n comparada</subfield>
    <subfield code="x">Fuerzas armadas</subfield>
    <subfield code="y">Siglo XXI</subfield>
    <subfield code="z">Colombia</subfield>
    <subfield code="z">M&#xE9;xico</subfield>
    <subfield code="z">Guatemala</subfield>
    <subfield code="z">Ecuador</subfield>
  </datafield>
  <datafield tag="700" ind1="1" ind2=" ">
    <subfield code="a">Colas, Adicknson</subfield>
    <subfield code="e">sustentante</subfield>
  </datafield>
  <datafield tag="700" ind1="1" ind2=" ">
    <subfield code="a">Bocio Familia, Joaquincito</subfield>
    <subfield code="e">asesor de contenido</subfield>
  </datafield>
  <datafield tag="700" ind1="1" ind2=" ">
    <subfield code="a">Aguiar, David</subfield>
    <subfield code="e">asesor metodol&#xF3;gico</subfield>
  </datafield>
  <datafield tag="942" ind1=" " ind2=" ">
    <subfield code="2">CL</subfield>
    <subfield code="c">T</subfield>
  </datafield>
  <datafield tag="999" ind1=" " ind2=" ">
    <subfield code="c">8735</subfield>
    <subfield code="d">8735</subfield>
  </datafield>
  <datafield tag="952" ind1=" " ind2=" ">
    <subfield code="0">0</subfield>
    <subfield code="1">0</subfield>
    <subfield code="2">CL</subfield>
    <subfield code="4">0</subfield>
    <subfield code="7">0</subfield>
    <subfield code="8">TG</subfield>
    <subfield code="a">BJHA</subfield>
    <subfield code="b">BJHA</subfield>
    <subfield code="c">GEN</subfield>
    <subfield code="d">2026-06-30</subfield>
    <subfield code="i">25-02593</subfield>
    <subfield code="l">0</subfield>
    <subfield code="o">CT CM-0003 AMBC 2025</subfield>
    <subfield code="p">25-02593</subfield>
    <subfield code="r">2026-06-30 18:03:13</subfield>
    <subfield code="t">e.1</subfield>
    <subfield code="w">2026-06-30</subfield>
    <subfield code="y">T</subfield>
  </datafield>
</record>
